Translation and identity in the Americas : new directions in translation theory /

Bibliographic Details
Main Author: Gentzler, Edwin, 1951-
Format: Book
Language:English
Published: London ; New York : Routledge, 2008.
Subjects:
Online Access:Table of contents only

MARC

Tag First Indicator Second Indicator Subfields
LEADER 00000pam a22000004a 4500
001 in00002347621
005 20151108071245.0
008 070530s2008 enk b 001 0 eng
010 |a  2007022528 
019 |a 166361682 
020 |a 9780415774512 (hardback) 
020 |a 0415774519 (hardback) 
020 |a 9780415774529 (pbk.) 
020 |a 0415774527 (pbk.) 
035 |a (OCoLC)ocn141187901 
035 |a (OCoLC)141187901  |z (OCoLC)166361682 
040 |a DLC  |c DLC  |d YDX  |d BAKER  |d BTCTA  |d YDXCP  |d UtOrBLW 
043 |a n------  |a s------ 
049 |a TXAM 
050 0 0 |a P306.8.N7  |b G46 2008 
082 0 0 |a 418/.02097  |2 22 
100 1 |a Gentzler, Edwin,  |d 1951- 
245 1 0 |a Translation and identity in the Americas :  |b new directions in translation theory /  |c Edwin Gentzler. 
264 1 |a London ;  |a New York :  |b Routledge,  |c 2008. 
300 |a xvii, 214 pages ;  |c 24 cm. 
336 |a text  |b txt  |2 rdacontent 
337 |a unmediated  |b n  |2 rdamedia 
338 |a volume  |b nc  |2 rdacarrier 
504 |a Includes bibliographical references (pages [188]-204) and index. 
650 0 |a Translating and interpreting  |z North America. 
650 0 |a Translating and interpreting  |z South America. 
856 4 1 |3 Table of contents only  |u http://www.loc.gov/catdir/toc/ecip0719/2007022528.html  |t 0 
938 |a Baker & Taylor  |b BKTY  |c 170.00  |d 170.00  |i 0415774519  |n 0007372416  |s active 
938 |a Baker & Taylor  |b BKTY  |c 44.95  |d 44.95  |i 0415774527  |n 0007358958  |s active 
938 |a Baker and Taylor  |b BTCP  |n BK0007372416 
938 |a YBP Library Services  |b YANK  |n 2603081 
945 |a PromptCat  |b 321903 
946 |a stk 
947 |a A14836559296 
994 |a 92  |b TXA 
948 |a cataloged  |b h  |c 2008/1/31  |d c  |e asalazar  |f 2:52:24 pm 
999 |a MARS 
999 f f |s 70eb8ff4-33dd-3d20-bbc0-6ee46caa8a25  |i 7e53450b-8ea9-3016-8d65-9ff0d4f9d80d  |t 0 
952 f f |p normal  |a Texas A&M University  |b College Station  |c Sterling C. Evans Library  |d Evans: Library Stacks  |t 0  |e P306.8.N7 G46 2008  |h Library of Congress classification  |i unmediated -- volume  |m A14836559296 
998 f f |a P306.8.N7 G46 2008  |t 0  |l Evans: Library Stacks